| 000 | 00331nam a2200133 a 4500 | ||
|---|---|---|---|
| 001 | 5423 | ||
| 003 | CDMR | ||
| 005 | 20130116135307.0 | ||
| 008 | 130130s2003||||||||||||||||||||||||||||d | ||
| 040 |
_aCDMR _bcat _cCDMR |
||
| 245 | 0 | _aPhilip Plisson pour la liberté de la presse | |
| 260 |
_c2003 _bReporters Sans Frontières |
||
| 942 | _cMON | ||
| 999 |
_c5423 _d5423 |
||